Sledovanie vývoja počtu študentov na vysokých školách na Slovensku bakalárska práca

Salvato in:
Dettagli Bibliografici
Autore principale: Števková, Miroslava
Ente Autore: Fakulta hospodárskej informatiky EU. Katedra štatistiky
Altri autori: Hurbánková, Ľubica, 1980-
Natura: Libro
Lingua:slovacco
Pubblicazione: Bratislava 2010
Tags: Aggiungi Tag
Nessun Tag, puoi essere il primo ad aggiungerne!!

MARC

LEADER 00000nbm a2200000 4500
001 0138616
005 20161109111555.2
041 0 |a slo 
044 |a SK 
245 1 0 |a Sledovanie vývoja počtu študentov na vysokých školách na Slovensku  |b bakalárska práca  |c Miroslava Števková ; školiteľ: Ľubica Hurbánková 
264 1 |a Bratislava  |c 2010 
300 |a 44 s. 
100 1 |a Števková, Miroslava 
700 1 |a Hurbánková, Ľubica, 1980- 
710 2 |a Fakulta hospodárskej informatiky EU. Katedra štatistiky